书目信息 |
| 题名: |
微生物基因组学及合成生物学进展
|
|
| 作者: | 邓子新 , 喻子牛 主编 | |
| 分册: | ||
| 出版信息: | 北京 科学出版社 2014 |
|
| 页数: | 470页 | |
| 开本: | 26cm | |
| 丛书名: | ||
| 单 册: | ||
| 中图分类: | Q933 | |
| 科图分类: | ||
| 主题词: | 微生物--基因组--生物学--研究 , 微生物 , 基因组 , 生物学 | |
| 电子资源: | ||
| ISBN: | 978-7-03-040458-9 | |
| 000 | 01124nam0 2200289 450 | |
| 001 | 012015000204 | |
| 005 | 20150914155835.82 | |
| 010 | @a978-7-03-040458-9@dCNY128.00 | |
| 100 | @a20140830d2014 em y0chiy50 ea | |
| 101 | 0 | @achi |
| 102 | @aCN@b110000 | |
| 105 | @aa z 000yy | |
| 106 | @ar | |
| 200 | 1 | @a微生物基因组学及合成生物学进展@Awei sheng wu ji yin zu xue ji he cheng Sheng wu xue jin zhan@f邓子新,喻子牛主编 |
| 210 | @a北京@c科学出版社@d2014 | |
| 215 | @a470页@c图,照片@d26cm | |
| 300 | @a“十二五”国家重点图书出版规划项目 生命科学前沿 | |
| 330 | @a本书介绍了近几年来微生物基因组学研究取得的新进展,也引入了合成生物学这一新领域的研究内容。书中收集了我国微生物基因组学和合成生物学方面知名专家撰写的综述论文34篇,涉及农业微生物、医学微生物、工业微生物、环境微生物、合成生物学及其研究方法等方面的内容。 | |
| 606 | 0 | @a微生物@x基因组@x生物学@x研究 |
| 606 | 0 | @a微生物 |
| 606 | 0 | @a基因组 |
| 606 | 0 | @a生物学 |
| 690 | @aQ933@v5 | |
| 701 | 0 | @a邓子新@Adeng zi xin@c(生物学)@4主编 |
| 701 | 0 | @a喻子牛@Ayu zi niu@f(1941~)@4主编 |
| 801 | 0 | @aCN@b碧洲教育@c20150716 |
| 905 | @a10447@f2@dQ933@e80 | |
| 微生物基因组学及合成生物学进展/邓子新,喻子牛主编.-北京:科学出版社,2014 |
| 470页:图,照片;26cm |
| “十二五”国家重点图书出版规划项目 生命科学前沿 |
| ISBN 978-7-03-040458-9:CNY128.00 |
| 本书介绍了近几年来微生物基因组学研究取得的新进展,也引入了合成生物学这一新领域的研究内容。书中收集了我国微生物基因组学和合成生物学方面知名专家撰写的综述论文34篇,涉及农业微生物、医学微生物、工业微生物、环境微生物、合成生物学及其研究方法等方面的内容。 |
| ● |
| 相关链接 |
|
|
|
|
正题名:微生物基因组学及合成生物学进展
索取号:Q933/80
 
预约/预借
| 序号 | 登录号 | 条形码 | 馆藏地/架位号 | 状态 | 备注 |
| 1 | 0870267 | 208702670 | 第二样本阅览室/ [索取号:Q933/80] | 在馆 | |
| 2 | 0870268 | 208702689 | 第三借阅区/ [索取号:Q933/80] | 在馆 |